Grandes Diretores Italianos - Statistics

Estatísticas Gerais
  • Esse quiz foi jogado 13 vezes
  • A pontuação média é 8 de 15
Estatísticas das Respostas
Hint Resposta % Correto
Noites de Cabiria, La Dolce Vita, 8 1/2 Federico Fellini
83%
Il Buono Il Brutto Il Cattivo, Once Upon a Time in the West, Once Upon a Time in America Sergio Leone
83%
Il Conformista, Os Sonhadores, Último Tango em Paris Bernardo Bertolucci
75%
Roma Cidade Aberta, Paisà, Germany Year Zero Roberto Rossellini
75%
Suspiria, Profondo Rosso, Opera Dario Argento
67%
Ossessione, O Leopardo, Morte em Veneza Luchino Visconti
67%
O Evangelho Segundo São Mateus, Teorema, Salò Pier Paolo Pasolini
67%
Ladrões de Bicicleta, Miracolo a Milano, Umberto D Vittorio de Sica
67%
L'Avventura, La Notte, Blow Up Michelangelo Antonioni
50%
Seis Mulheres Para O Assassino, Black Sabbath, Ecologia del Delitto Mario Bava
42%
Investigação sobre um Cidadão Acima de Qualquer Suspeita, A Classe Operária vai ao Paraíso, A Propriedade não é mais um Roubo Elio Petri
25%
The Beyond, Zombie, Don't Torture a Duckling Lucio Fulci
25%
Os Eternos Desconhecidos, La Grande Guerra, L'Armata Brancaleone Mario Monicelli
25%
Revolver, Face a Face, O Grande Pistoleiro Sergio Sollima
25%
Il Sorpasso, Perfume de Mulher, Una Vita Dificile Dino Risi
17%
Nenhum quiz correspondente encontrado
Distribuição das Pontuações
Porcentagem de Pessoas com Cada Pontuação
Percentil de Números Respondidos
Sua Pontuação Histórica
Você não jogou esse quiz